• 首页
  • 本馆介绍
  • 公告通知
  • 最新文献
  • 馆藏检索
  • 电子资源
  • 读者导购
  • 参考咨询
  • 我的图书馆
  • 登录
  • 详细信息显示
  • 放入我的书架
  • 预约/预借图书
  • 作者相关作品
  • 分类相关作品
  • 丛书相关作品
  • 出版社相关作品

书目信息

  • 表格格式
  • 工作单格式
  • 卡片格式
题名:
你一定爱读的地球未解之谜
    
 
作者: 美狄亚 著
分册:  
出版信息: 北京   台海出版社  2015.10
页数: 345页
开本: 24cm
丛书名:
单 册:
中图分类: P183-49
科图分类:
主题词: 地球--普及读物
电子资源:
ISBN: 978-7-5168-0746-0
000 00909nam0 2200217 450
001 39
005 20180920164338.49
010    @a978-7-5168-0746-0@dCNY39.80
100    @a20160217d2015 em y0chiy50 ea
101 0  @achi
102    @aCN@b110000
105    @aa z 000yy
200 1  @a你一定爱读的地球未解之谜@9ni yi ding ai du de di qiu wei jie zhi mi@b专著@f美狄亚著
210    @a北京@c台海出版社@d2015.10
215    @a345页@c图@d24cm
330    @a我们生活的地球,是个非常有趣而又非常神秘的世界。不仅为我们提供了一个领略大千世界无限奥妙的机会,更为我们提供了一个永无止境的探索空间……这里有世界上最恐怖的魔鬼区域和死亡之地,有上最惊人的巧合和无法解释的宇宙魔力。这里也容纳了地球最美丽的风光,俘虏了所有人的眼睛,究竟是什么神秘的力量,在操控着这一切?
606 0  @a地球@j普及读物
690    @aP183-49@v5
701  0 @a美狄亚@9mei di ya@4著
801  0 @aCN@b91MARC@c20160302
905    @aMuseLib@dP183-49@e234
    
    你一定爱读的地球未解之谜/美狄亚著.-北京:台海出版社,2015.10
    345页:图;24cm
    
    
    ISBN 978-7-5168-0746-0:CNY39.80
    我们生活的地球,是个非常有趣而又非常神秘的世界。不仅为我们提供了一个领略大千世界无限奥妙的机会,更为我们提供了一个永无止境的探索空间……这里有世界上最恐怖的魔鬼区域和死亡之地,有上最惊人的巧合和无法解释的宇宙魔力。这里也容纳了地球最美丽的风光,俘虏了所有人的眼睛,究竟是什么神秘的力量,在操控着这一切?
●
相关链接 在E读中查询图书 在五车中查询图书 在当当中查询图书 在豆瓣中查询图书


正题名:你一定爱读的地球未解之谜     索取号:P183-49/234         预约/预借

序号 登录号 条形码 馆藏地/架位号 状态 备注
1 1117934   211179348   第二样本阅览室/ [索取号:P183-49/234] 在馆    
2 1117935   211179357   第三借阅区/ [索取号:P183-49/234] 在馆    
3 1117936   211179366   第三借阅区/ [索取号:P183-49/234] 在馆    
4 1117937   211179375   第三借阅区/ [索取号:P183-49/234] 在馆    
5 1117938   211179384   第三借阅区/ [索取号:P183-49/234] 在馆    
唐山师范学院图书馆 欢迎您!
大连网信软件有限公司© 版权所有